00588nam a22001935a 450000100060000000300080000600500170001400800390003103500190007004000270008904100080011608200200012410000560014424500580020026000460025830000270030450400200033165000430035118792BD-RjUL20211209000332.0140222s1946 enk 001 d eng a(BD-RjUL)18850 aDLCcDLCbengdBD-RjUL aeng a822.4bBOI 19461 aBoas, Frederick S.q(Frederick Samuel),d1862-1957.13aAn introduction to Stuart drama /cFrederick S. Boas. aOxford :bOxford University Press,c1946. aviii, 443 p. ;c18 cm. aIncludes index. aEnglish dramayRestoration, 1660-1700.